Países con la mayor densidad de población - Estadísticas

Estadísticas generales
  • Esta prueba ha sido intentada 3.272 veces
    2.769 desde el último reinicio
  • La puntuación promedio es 12 de 24
Estadísticas de respuestas
Densidad País % Correcto
462 India
84%
18.812 Mónaco
78%
1.188 Bangladés
75%
389 Filipinas
73%
2.002 Ciudad del Vaticano
72%
557 San Marino
69%
8.158 Singapur
69%
516 Corea del Sur
60%
1.723 Malta
53%
639 Taiwán
52%
2.141 Baréin
44%
428 Haití
44%
442 Países Bajos
42%
457 Israel
41%
385 Bélgica
40%
1.766 Maldivas
34%
571 Nauru
33%
559 Líbano
32%
357 Tuvalu
29%
622 Mauricio
28%
515 Burundi
27%
551 Ruanda
27%
658 Barbados
26%
473 Comoras
26%
No se encontraron pruebas coincidentes
Distribución de puntuación
Porcentaje de gente con cada puntuación
Porcentaje por número respondido
Historial de tus puntuaciones
No has intentado esta prueba desde el último reinicio